000
00223 a2200097 4500
001
17449
100
_a
Martin
245
_a
Introduction to finite element analysis
260
_a
_b
Tata McGraw-Hill
_c
090
_c
12890
_d
12890
942
_a
NUST-CAE
_c
M
_c
3214
999
_c
252522
_d
252522